MARC details
| 000 -CABECERA |
| campo de control de longitud fija |
03209nam a2200373 i 4500 |
| 003 - IDENTIFICADOR DEL NÚMERO DE CONTROL |
| campo de control |
DO-SdBNP |
| 005 - FECHA Y HORA DE LA ÚLTIMA TRANSACCIÓN |
| campo de control |
20240314200928.0 |
| 006 - CÓDIGOS DE INFORMACIÓN DE LONGITUD FIJA--CARACTERÍSTICAS DEL MATERIAL ADICIONAL |
| campo de control de longitud fija |
a||||fr|||| 00| 0 |
| 007 - CAMPO FIJO DE DESCRIPCIÓN FÍSICA--INFORMACIÓN GENERAL |
| campo de control de longitud fija |
ta |
| 008 - DATOS DE LONGITUD FIJA--INFORMACIÓN GENERAL |
| campo de control de longitud fija |
230515e2022 dr |||fr|||| 001 e spa d |
| 020 ## - NÚMERO INTERNACIONAL ESTÁNDAR DEL LIBRO |
| Número Internacional Estándar del Libro |
9789945643367 |
| 020 ## - NÚMERO INTERNACIONAL ESTÁNDAR DEL LIBRO |
| Número Internacional Estándar del Libro |
9789945643374 (digital) |
| 040 ## - FUENTE DE LA CATALOGACIÓN |
| Centro catalogador/agencia de origen |
DO-SdBNP |
| Lengua de catalogación |
spa |
| Centro/agencia transcriptor |
BNPHU |
| Normas de descripción |
rda |
| 082 #4 - NÚMERO DE LA CLASIFICACIÓN DECIMAL DEWEY |
| Número de edición |
22 |
| Número de documento/Ítem |
U54d |
| 245 13 - MENCIÓN DE TÍTULO |
| Título |
Una década de justicia constitucional: |
| Resto del título |
diez sentencias trascendentes. memoria del panel organizado por a Universidad APEC en ocasión de la celebración del décimo aniversario del Tribunal Constitucional. / |
| Mención de responsabilidad, etc. |
Holguín Haché, Franklin, Milton Ray Guevara, Alejando A. Moscoso Sagarra, Víctor Joaquín Castellanos Pizano, Manuel Ramón Herrera Carbucia,...[y otros] |
| 264 30 - PRODUCCIÓN, PUBLICACIÓN, DISTRIBUCIÓN, FABRICACIÓN Y COPYRIGHT |
| Producción, publicación, distribución, fabricación y copyright |
Santo Domingo : |
| Nombre del de productor, editor, distribuidor, fabricante |
Tribunal Constitucional de la República Dominicana, |
| Fecha de producción, publicación, distribución, fabricación o copyright |
2022 |
| 300 ## - DESCRIPCIÓN FÍSICA |
| Extensión |
191 páginas : |
| Dimensiones |
22 cm. |
| 336 ## - TIPO DE CONTENIDO |
| Fuente |
rdaconten |
| Término de tipo de contenido |
texto |
| Código de tipo de contenido |
txt |
| 337 ## - TIPO DE MEDIO |
| Fuente |
rdamedia |
| Nombre/término del tipo de medio |
sin medición |
| Código del tipo de medio |
n |
| 338 ## - TIPO DE SOPORTE |
| Fuente |
rdacarrier |
| Nombre/término del tipo de soporte |
volumen |
| Código del tipo de soporte |
nc |
| 500 ## - NOTA GENERAL |
| Nota general |
Incluye bibliografía y notas al pie de páginas |
| 505 ## - NOTA DE CONTENIDO CON FORMATO |
| Nota de contenido con formato |
Palabras de Presentación del Magistrado Presidente Dr. Milton Ray Guevara. |
| Título |
Palabras del rector, / |
| Mención de responsabilidad |
Dr. Franklin Holguín Haché. Rector de la Universidad APEC.-- |
| Título |
Una Década del Tribunal Constitucional. / |
| Mención de responsabilidad |
Dr. Milton Ray Guevara. Presidente del Tribunal Constitucional de la República Dominicana.-- |
| Título |
Una Década del Tribunal Constitucional: Diez Sentencias Relevantes. / |
| Mención de responsabilidad |
Dr. Alejandro A. Moscoso Segarra. Decano de Humanidades de la Universidad APEC-- |
| Título |
Las Diez Principales Sentencias del Tribunal Constitucional dominicano. / |
| Mención de responsabilidad |
Mag. Víctor Joaquín Castellanos Pizano. Juez del Tribunal Constitucional de la República Dominicana-- |
| Título |
Características y Particularidades de la Jurisprudencia Constitucional en Materia Laboral en una Década. / |
| Mención de responsabilidad |
Dr. Manuel Ramón Herrera Carbucia.-- |
| Título |
Primer sustituto del presidente de la Suprema Corte de Justicia.-- |
| -- |
La Libertad de expresión ante el TC: una década de Jurisprudencia Constitucional. / |
| Mención de responsabilidad |
Dr Namphi Rodríguez. Abogado y Cátedrático-- |
| Título |
Aportes del Tribunal Constitucional en Materia Inmobiliaria Registral.-- |
| Mención de responsabilidad |
Mag. Wilson Gómez Ramírez. Juez del Tribunal Constitucional de la República Dominicana.-- |
| 590 ## - NOTA LOCAL (RLIN) |
| Nota local |
Inventariado 2023 / MF |
| 700 1# - PUNTO DE ACCESO ADICIONAL--NOMBRE DE PERSONA |
| 9 (RLIN) |
14334 |
| Nombre de persona |
Holguín Haché, Franklin |
| 700 1# - PUNTO DE ACCESO ADICIONAL--NOMBRE DE PERSONA |
| Nombre de persona |
Milton Ray Guevara |
| Fechas asociadas al nombre |
1948- |
| Título de la obra |
Una Década del Tribunal Constitucional. |
| 9 (RLIN) |
78143 |
| 700 1# - PUNTO DE ACCESO ADICIONAL--NOMBRE DE PERSONA |
| Nombre de persona |
Moscoso Segarra, Alejando A., |
| Título de la obra |
Una Década del Tribunal Constitucional: Diez Sentencias Relevantes |
| 9 (RLIN) |
83376 |
| 700 ## - PUNTO DE ACCESO ADICIONAL--NOMBRE DE PERSONA |
| 9 (RLIN) |
1057 |
| Nombre de persona |
Castellanos Pizano, Víctor Joaquín |
| Título de la obra |
La Diez Principales sentencias del Tribunal Constitucional Dominicano |
| 700 1# - PUNTO DE ACCESO ADICIONAL--NOMBRE DE PERSONA |
| Nombre de persona |
Herrera Carbucia, Manuel Ramón |
| Título de la obra |
Características y Particularidades de la Jurisprudencia Constitucional en Materia Laboral en una Década. |
| 9 (RLIN) |
83377 |
| 700 1# - PUNTO DE ACCESO ADICIONAL--NOMBRE DE PERSONA |
| 9 (RLIN) |
17970 |
| Nombre de persona |
Rodríguez, Namphi |
| Título de la obra |
La Libertad de expresión ante el TC: una década de Jurisprudencia Constitucional. |
| 700 1# - PUNTO DE ACCESO ADICIONAL--NOMBRE DE PERSONA |
| Nombre de persona |
Gómez Ramírez, Wilson S |
| Fechas asociadas al nombre |
1953- |
| Título de la obra |
Aportes del Tribunal Constitucional en Materia Inmobiliaria Registral. |
| 9 (RLIN) |
46083 |
| 710 1# - PUNTO DE ACCESO ADICIONAL--NOMBRE DE ENTIDAD CORPORATIVA |
| 9 (RLIN) |
79204 |
| Nombre de entidad corporativa o nombre de jurisdicción como elemento de entrada |
República Dominicana: |
| Unidad subordinada |
Tribunal Constitucional |
| 710 2# - PUNTO DE ACCESO ADICIONAL--NOMBRE DE ENTIDAD CORPORATIVA |
| 9 (RLIN) |
30673 |
| Nombre de entidad corporativa o nombre de jurisdicción como elemento de entrada |
Universidad APEC |
| 942 ## - ELEMENTOS DE PUNTO DE ACCESO ADICIONAL (KOHA) |
| Fuente del sistema de clasificación o colocación |
Dewey Decimal Classification |
| Tipo de ítem Koha |
Libro |